000
00263nam a22001097a 4500
008
240628b |||||||| |||| 00| 0 eng d
100
_a
Adwani, Kalyan
_9
16131
245
_a
Raj v Niyaj
260
_a
Bombay:
_b
Lok Seva Mandal;
_c
1968.
300
_a
65p.
942
_c
BK
999
_c
39793
_d
39793